00462nam a2200181Ia 4500003000400000005001700004008004100021040001800062041000800080082002100088100002100109245003600130250001200166260003800178300002400216650002000240650002000260OSt20250116125546.0210716s1975 xx 000 0 und d cAIMIT LIBRARY aeng a808.83 21bMCNG aMcneill, George. aPlantation /cBy George Mcneil. a1st ed. aNew York :bBantam books ;c1975. a393p. ;bPBc17 cm. aGirl into woman aColumns of fire